000
00256nam a2200097Ia 4500
001
853427
005
20250826174532.0
008
250824s9999 xx 000 0 und d
245
0
_a
VİYANA KAPILARINDA
_c
OKTAY TİRYAKİOĞLU
260
_b
GENÇ TİMAŞ YAYINLARI
999
_c
853427
_d
853427